[Event "HCL-A2617"]
[Site "www.playchess.de"]
[Date "2006.03.10"]
[Round "13"]
[White "PhilipKaveny"]
[Black "GCP"]
[WhiteElo "1324"]
[BlackElo "1462"]
[PlyCount "106"]
[Result "0-1"]

1.e4 d6 {welcome to a new game !}  2.g3 {Hello 
looks like another Dance}  Nf6 3.Bg2 g6 4.Nc3 Bg7 
5.Nf3 Bg4 6.O-O Nc6 7.d4 e5 8.d5 Nd4 9.h3 Nxf3+ 
10.Bxf3 Bxh3 11.Bg2 Bg4 12.f3 Bd7 13.b4 Qe7 14.a4 
a5 15.b5 b6 16.f4 exf4 17.Bxf4 {It's looking like 
Christmass}  O-O {why ? :)}  18.e5 {You might have 
given me a litte present}  dxe5 {I'm not a so good 
Santa Klaus as you :))}  19.d6 Qxd6 20.Qxd6 cxd6 
21.Bxa8 exf4 22.Bg2 fxg3 23.Ra3 Rc8 24.Rf3 Nh5 
25.Rd3 Be5 26.Bf3 Nf4 27.Bc6 Bxc6 28.Rxg3 {It's 
getting to look a lot like  christmass}  Be4 
29.Nxe4 Ne2+ 30.Kf2 Bxg3+ 31.Kxe2 Rxc2+ 32.Kd3 Rg2 
33.Nf6+ Kg7 34.Ne8+ Kf8 35.Nf6 h5 36.Kc4 Be5 
37.Nd7+ {:)}  Ke7 38.Nxb6 Rc2+ 39.Kd3 Rc5 40.Nc4 
Kd7 41.Nxe5+ dxe5 42.Ke4 f5+ 43.Ke3 Kc7 44.Rd3 Rc4 
45.Ra3 Kb6 46.Kd3 Rd4+ 47.Ke3 Kc5 48.Rc3+ Kb4 
49.Rc1 Kxa4 50.Rb1 Rd7 51.b6 Rb7 52.Ra1+ Kb5 
53.Rb1+ Ka6 0-1

[Event "HCL-B3941"]
[Site "www.playchess.de"]
[Date "2006.03.10"]
[Round "5"]
[White "Nutjob"]
[Black "Coolslim"]
[WhiteElo "1618"]
[BlackElo "1200"]
[PlyCount "23"]
[Result "1-0"]

1.e4 {Greetings from Tennessee,I wish you a good 
game.}  e5 2.Nf3 d6 3.Bc4 Be6 4.Qe2 Nf6 5.O-O Be7 
6.d4 exd4 7.Bxe6 fxe6 8.Nxd4 e5 9.Ne6 Qd7 10.Nxg7+ 
Kf8 11.Bh6 Qg4 12.Nf5+ 1-0

[Event "HCL-A2634"]
[Site "www.playchess.de"]
[Date "2006.03.10"]
[Round "8"]
[White "shadow_cup"]
[Black "Wernswig"]
[WhiteElo "1280"]
[BlackElo "1390"]
[PlyCount "80"]
[Result "0-1"]

1.e3 e5 {hi, good luck to you}  2.Nf3 {thanks. you 
too ^_^}  Nc6 3.Bb5 d6 4.d4 exd4 5.exd4 Bd7 6.O-O 
Be7 7.Re1 Nf6 8.c4 O-O 9.Nc3 Re8 10.Bg5 h6 11.Bh4 
a6 12.Ba4 Na5 13.Bxd7 Qxd7 14.b3 b5 15.Qd3 Bd8 
16.Rxe8+ Nxe8 17.Bxd8 Rxd8 18.Re1 c6 19.Ne4 d5 
20.Nc5 dxc4 21.Nxd7 cxd3 22.Nc5 Nc7 23.Nxd3 Ne6 
24.Nb4 Nxd4 25.Nxd4 Rxd4 26.Nxa6 Rd2 27.Ra1 c5 
28.Nxc5 Nc6 29.Ne4 Rb2 30.Nc5 Nb4 31.a4 bxa4 
32.bxa4 Nc6 33.f3 Kf8 34.Ra3 Na5 35.Rc3 Rb4 36.Kf2 
Ke7 37.g4 Kd6 38.Ke3 Nc4+ 39.Kd4 Nb2+ 40.Ke3 
{(offering draw)}  Nd1+ {sorry, but it's not draw} 
 0-1

[Event "HCL-M879"]
[Site "www.playchess.de"]
[Date "2006.03.10"]
[Round "20"]
[White "Faroe_Bamsa"]
[Black "AronVug"]
[WhiteElo "2270"]
[BlackElo "2046"]
[PlyCount "57"]
[Result "1-0"]

1.Nf3 {Hi, and happy new year. Nice to neet you. I 
hope we will have a good and fair game. May the 
best player win - good luck!}  d5 {Nice to meet 
you! Happy New Year! Good game.}  2.g3 Nf6 3.Bg2 
c5 4.O-O Nc6 5.d4 e6 6.c4 Be7 7.cxd5 Nxd5 8.dxc5 
Bxc5 9.Qc2 Bb6 10.Rd1 Qe7 11.Na3 O-O 12.Nc4 Bc7 
13.a3 Rd8 14.b4 a6 15.Ng5 f5 16.e4 Nb6 17.Rxd8+ 
Bxd8 18.exf5 Nd4 19.Qe4 Nxf5 20.Nxb6 Bxb6 21.Bf4 
h6 22.Nf3 a5 23.Rc1 axb4 24.g4 g5 25.Be5 bxa3 
26.Bf1 Bd8 27.Bc4 Kh7 28.Nd4 Qf7 
29.Ba2 1-0

[Event "HCL-E1546"]
[Site "www.playchess.de"]
[Date "2006.03.11"]
[Round "26"]
[White "FlatoA"]
[Black "Marius_sah"]
[WhiteElo "1424"]
[BlackElo "1683"]
[PlyCount "29"]
[Result "1-0"]

1.e4 e5 {Hi. Good luck!}  2.Nf3 {Hi}  Nc6 3.d4 
exd4 4.Nxd4 Bc5 5.Be3 Qf6 6.c3 Nge7 7.Be2 O-O 
8.O-O d6 9.Qd3 Ne5 10.Qc2 N7c6 11.f3 Be6 12.Bf2 
Bc4 13.b3 Bxe2 14.Qxe2 Rae8 15.Qb5 1-0

[Event "HCL-B3910"]
[Site "www.playchess.de"]
[Date "2006.03.11"]
[Round "5"]
[White "GMO"]
[Black "Nutjob"]
[WhiteElo "1277"]
[BlackElo "1642"]
[PlyCount "88"]
[Result "0-1"]

1.e4 e5 {Greetings, I wish you a good game!}  
2.Nf3 {Thanks...}  Nc6 3.Bb5 a6 4.Bxc6 dxc6 5.d3 
Bc5 6.Nxe5 Qd4 7.Be3 Qxe5 8.Bxc5 Qxc5 9.O-O Nf6 
10.Nc3 Bg4 11.Qd2 O-O-O 12.h3 Bh5 13.a3 Bg6 14.Qe1 
Nh5 15.Kh1 Rhe8 16.b4 Qd6 17.Qe3 f5 18.Qa7 fxe4 
19.dxe4 Qd4 20.Qxd4 Rxd4 21.Rad1 Rxd1 22.Rxd1 Bxe4 
23.Nxe4 Rxe4 24.Rd2 Re1+ 25.Kh2 Ra1 26.Rd3 Ra2 
27.Rc3 Nf6 28.f3 Nd5 29.Rc4 Rxa3 30.Rg4 g6 31.Re4 
Rc3 32.Re8+ Kd7 33.Rh8 h5 34.Rg8 Nxb4 35.Rxg6 Nd5 
36.Rg5 Rxc2 37.Rxh5 Rxg2+ 38.Kxg2 Nf4+ 39.Kg3 
Nxh5+ 40.Kg4 Nf6+ 41.Kf5 Ke7 42.h4 a5 43.Ke5 c5 
44.f4 a4 0-1

[Event "HCL-E1552"]
[Site "www.playchess.de"]
[Date "2006.03.11"]
[Round "6"]
[White "Nimzoindianboy"]
[Black "Marius_sah"]
[WhiteElo "1498"]
[BlackElo "1675"]
[PlyCount "45"]
[Result "1-0"]

1.Nf3 {hi}  d5 {Hi. Good luck!}  2.c4 {HEY GOOD 
LUCK TOO}  c6 3.b3 Nf6 4.Bb2 Bf5 5.d3 Nbd7 6.g3 e6 
7.Bg2 Bb4+ 8.Nbd2 O-O 9.O-O Qa5 10.a3 Bxd2 11.Nxd2 
Rad8 12.b4 Qc7 13.cxd5 exd5 14.Rc1 Qd6 15.Re1 Rfe8 
16.Nf1 a6 17.Ne3 Be6 18.Qd2 Ne5 19.Ref1 Neg4 
20.Nc2 h6 21.Nd4 Bd7 22.Rfe1 Re7 
23.Nf3 1-0

[Event "HCL-M856"]
[Site "www.playchess.de"]
[Date "2006.03.11"]
[Round "8"]
[White "Kimura"]
[Black "Maccdavid"]
[WhiteElo "1860"]
[BlackElo "1662"]
[PlyCount "64"]
[Result "0-1"]

1.e4 e5 2.Nf3 Nc6 3.d4 exd4 4.Nxd4 Nf6 5.Nc3 Bc5 
6.Nxc6 bxc6 7.Bd3 O-O 8.O-O d5 9.e5 Ng4 10.Bf4 Re8 
11.Na4 Bxf2+ 12.Rxf2 Nxf2 13.Kxf2 Qh4+ 14.g3 Qxh2+ 
15.Ke3 g5 16.Qf3 gxf4+ 17.gxf4 Qh3 18.Rg1+ Kf8 
19.Rg3 Qh6 20.Kd4 Rb8 {Sorry about delay.}  21.c3 
{No problem.}  c5+ 22.Kxc5 Bd7 {Once again sorry 
about delay. Too many problems! Hopefully sorted 
out now.}  23.b3 Bxa4 24.bxa4 Qb6+ 25.Kxd5 Qa5+ 
26.Ke4 Qxc3 27.Qg4 Qc6+ 28.Ke3 Qc5+ 29.Kf3 Qc6+ 
30.Ke3 Qc1+ 31.Ke4 Rb4+ 32.Kf5 
Rxe5+ 0-1

[Event "HCL-M890"]
[Site "www.playchess.de"]
[Date "2006.03.11"]
[Round "18"]
[White "Emerson"]
[Black "temple"]
[WhiteElo "1802"]
[BlackElo "1731"]
[PlyCount "87"]
[Result "1-0"]

1.d4 {welcome again!}  Nf6 {Hello again!}  2.e3 e6 
3.Bd3 d5 4.Nd2 c5 5.c3 Nc6 6.f4 Be7 7.Qe2 c4 8.Bc2 
Qc7 9.Ngf3 Bd7 10.O-O O-O 11.Ne5 h6 12.g4 Nh7 
13.Ndf3 Be8 14.e4 f6 15.Nxc6 Qxc6 16.h4 Qd7 
17.exd5 Qxd5 18.Be4 Qd7 19.Qxc4 Rc8 20.Qb3 b6 
21.f5 Bf7 22.Qc2 e5 23.dxe5 Bc5+ 24.Kh1 Bd5 
25.Bxd5+ Qxd5 26.Qb3 Qxb3 27.axb3 a5 28.e6 Rfe8 
29.Rd1 Nf8 30.Bf4 Red8 31.Kg2 g5 32.hxg5 hxg5 
33.Bg3 Nh7 34.Bf2 Bxf2 35.Kxf2 Kf8 36.Rxd8+ Rxd8 
37.Rh1 Kg7 38.Ke2 Re8 39.Rd1 Nf8 40.Rd6 b5 41.Ra6 
a4 42.bxa4 bxa4 43.Ra7+ Kg8 44.Rxa4 1-0

[Event "HCL-A2617"]
[Site "www.playchess.de"]
[Date "2006.03.11"]
[Round "20"]
[White "Matu"]
[Black "Wernswig"]
[WhiteElo "1536"]
[BlackElo "1381"]
[PlyCount "106"]
[Result "0-1"]

1.e4 e5 {hi}  2.Nf3 {hello and good luck}  Nc6 
3.Bc4 Be7 4.c3 Nf6 5.d3 d6 6.h3 O-O 7.Be3 Be6 
8.Bxe6 fxe6 9.Qb3 Qc8 10.Ng5 Nd8 11.O-O h6 12.Nf3 
Nc6 13.Nh2 d5 14.exd5 exd5 15.f4 Bd6 16.fxe5 Nxe5 
17.d4 Nc4 18.Bf4 c6 19.Bxd6 Nxd6 20.Nd2 Nfe4 
21.Nxe4 Nxe4 22.Rxf8+ Qxf8 23.Rf1 Qe7 24.Qc2 Ng3 
25.Rf2 Qe3 26.Qd2 Qe4 27.Nf1 Qb1 28.a3 Re8 29.Qc2 
Qe1 30.Qg6 Ne2+ 31.Kh2 Qxf2 32.Qxe8+ Kh7 33.Qe3 
Qxf1 34.h4 Qf4+ 35.Qxf4 Nxf4 36.Kg3 Nd3 37.b3 g5 
38.hxg5 hxg5 39.Kf3 Nf4 40.g3 Nh5 41.c4 Kg6 42.a4 
Ng7 43.g4 Ne8 44.a5 Nf6 45.c5 Kf7 46.b4 Ke7 47.Kg3 
Kd7 48.Kf3 Kc7 49.Kg3 b6 50.a6 bxc5 51.bxc5 Ne4+ 
52.Kf3 Nc3 53.Ke3 Na2 0-1

[Event "HCL-A2610"]
[Site "www.playchess.de"]
[Date "2006.03.11"]
[Round "8"]
[White "KingGeorge"]
[Black "Matu"]
[WhiteElo "1586"]
[BlackElo "1525"]
[PlyCount "47"]
[Result "1-0"]

1.e4 c6 2.d4 d5 3.exd5 cxd5 4.c4 Nf6 5.Nc3 e6 
6.Bg5 Be7 7.Nf3 a6 8.c5 Nc6 9.Rc1 Bd7 10.Bd3 b6 
11.Na4 bxc5 12.Nxc5 Bxc5 13.Rxc5 O-O 14.O-O h6 
15.Bh4 g5 16.Nxg5 hxg5 17.Bxg5 Kg7 18.Re1 Qe7 
19.Re3 Nxd4 20.Rxd5 Nxd5 21.Bxe7 Nxe7 22.Qg4+ Ng6 
23.Bxg6 fxg6 24.Qxd4+ 1-0

[Event "HCL-C4131"]
[Site "www.playchess.de"]
[Date "2006.03.11"]
[Round "5"]
[White "Sinned"]
[Black "Azimut"]
[WhiteElo "400"]
[BlackElo "800"]
[PlyCount "94"]
[Result "0-1"]

1.Nf3 g6 2.Nc3 Bg7 3.Nd5 e6 4.Nc3 Ne7 5.e4 d6 6.d4 
b6 7.Be3 Bb7 8.Bb5+ Nd7 9.Qd3 a6 10.Ba4 h6 11.b4 
O-O 12.Qd2 g5 13.Rb1 b5 14.Bb3 Qe8 15.Ne2 Bxe4 
16.Nxg5 hxg5 17.Bxg5 Nf5 18.h4 e5 19.Rh3 Bxg2 
20.Rg3 Nxg3 21.Nxg3 exd4+ 22.Ne2 Bf3 23.Kf1 Qxe2+ 
24.Qxe2 Bxe2+ 25.Kxe2 Rae8+ 26.Kd3 c5 27.Rd1 c4+ 
28.Bxc4 bxc4+ 29.Kxc4 Nb6+ 30.Kb3 Re6 31.b5 axb5 
32.Kb4 Bh6 33.Rg1 Kh7 34.Kxb5 Bxg5 35.Rxg5 Nd7 
36.Rh5+ Rh6 37.Rf5 Rxh4 38.Kc6 Ne5+ 39.Kd5 Kg6 
40.Rf3 Nxf3 41.Kxd6 Rc8 42.Kd7 Rxc2 43.a4 d3 44.a5 
d2 45.a6 d1Q+ 46.Ke7 Re4+ 47.Kf8 
Qd8+ 0-1

[Event "HCL-M835"]
[Site "www.playchess.de"]
[Date "2006.03.11"]
[Round "31"]
[White "edmonte"]
[Black "Schirrmeister"]
[WhiteElo "2162"]
[BlackElo "1816"]
[PlyCount "48"]
[Result "0-1"]

1.e4 e5 {Hello form Darmstadt, Germany.}  2.Nf3 
Nc6 3.Bb5 a6 4.Ba4 Nf6 5.O-O b5 6.Bb3 Be7 7.Re1 
O-O 8.c3 d5 9.exd5 Nxd5 10.Nxe5 Nxe5 11.Rxe5 c6 
12.d4 Bd6 13.Re1 Qh4 14.g3 Qh3 15.Re4 g5 16.Nd2 f5 
17.Re3 Kh8 18.Bxd5 cxd5 19.Qf1 Qh5 20.Qe2 Qg6 
21.Nf3 f4 22.Ne5 Qg7 23.Rd3 Bf5 24.Rd1 
Rae8 0-1

[Event "HCL-T256"]
[Site "www.playchess.de"]
[Date "2006.03.11"]
[Round "19"]
[White "Grabanzito"]
[Black "BohdanL"]
[WhiteElo "1807"]
[BlackElo "1506"]
[PlyCount "63"]
[Result "1-0"]

1.e4 e5 2.f4 exf4 {hi, have a nice game}  3.Nf3 
{Hello from Cologne. Good luck for the tournament} 
 d5 {thanks}  4.exd5 Nf6 5.Bb5+ c6 6.dxc6 Nxc6 
7.Ne5 Qe7 8.Qe2 Bd7 9.Nxd7 Qxe2+ 10.Kxe2 Kxd7 
11.d4 Kc7 12.Bxf4+ Bd6 13.Bxd6+ Kxd6 14.c3 Rhe8+ 
15.Kd3 Ng4 16.Rf1 f6 17.h3 Ne3 18.Rg1 a6 19.Bxc6 
bxc6 20.Nd2 Rab8 21.Ne4+ Kd5 22.b3 f5 23.c4+ Ke6 
24.Nc5+ Kf7 25.Nxa6 Rbd8 26.Nc5 f4 27.Kc3 Nf5 
28.Rae1 Rxe1 29.Rxe1 Nxd4 30.Re4 Nf5 31.Rxf4 g6 
32.g4 1-0

[Event "HCL-A2645"]
[Site "www.playchess.de"]
[Date "2006.03.11"]
[Round "3"]
[White "BohdanL"]
[Black "BR_Hort"]
[WhiteElo "1502"]
[BlackElo "2202"]
[PlyCount "36"]
[Result "0-1"]

1.e4 {hi, have a nice game}  c5 {hello u2}  2.Nc3 
Nc6 3.g3 g6 4.Bg2 Bg7 5.d3 d6 6.Nh3 e6 7.f4 Nge7 
8.O-O O-O 9.f5 exf5 10.exf5 Bxf5 11.Bg5 Qd7 
12.Bxe7 Nxe7 13.Ng5 d5 14.Qf3 h6 15.Nxf7 Rxf7 
16.Nxd5 Nxd5 17.Qxd5 Be6 18.Qxb7 
Qxb7 0-1

[Event "HCL-A2542"]
[Site "www.playchess.de"]
[Date "2006.03.11"]
[Round "12"]
[White "ippuli"]
[Black "carbug"]
[WhiteElo "1637"]
[BlackElo "1530"]
[PlyCount "96"]
[Result "1/2-1/2"]

1.e4 {Hello! Good luck...}  e5 2.d4 exd4 3.c3 Qe7 
4.Bd3 d5 5.Qe2 dxe4 6.Bxe4 Nf6 7.Bd3 c5 8.Nf3 Nc6 
9.Bg5 Qxe2+ 10.Bxe2 Be7 11.Bb5 dxc3 12.Bxc6+ bxc6 
13.Nxc3 O-O 14.O-O h6 15.Be3 Nd5 16.Nd1 Bg4 17.Ne5 
Bxd1 18.Raxd1 Nxe3 19.fxe3 Bf6 20.Nxc6 Bxb2 
21.Rdb1 Bc3 22.Rb5 Bd2 23.Rf3 Bb4 24.Nxb4 cxb4 
25.Rxb4 a5 26.Ra4 g6 27.e4 Rfe8 28.Kf2 Re5 29.Rd3 
Kg7 30.Rd5 Kf6 31.Rad4 {(offering draw)}  Ra6 
{Let's try a few more moves..}  32.Kf3 {O'kay..}  
a4 33.R5d6+ Re6 34.Rxa6 Rxa6 35.a3 Ra5 36.h4 Ke5 
37.Ke3 h5 38.g3 f5 39.exf5 Kxf5 40.Kd3 Ke5 41.Ke3 
Ra6 42.Rb4 Kd5 43.g4 Ke6 44.gxh5 gxh5 45.Rb5 Rc6 
46.Rxh5 Rc3+ 47.Kd2 Rxa3 48.Kc2 Kf6 {(offering 
draw)}  1/2-1/2

[Event "HCL-E1496"]
[Site "www.playchess.de"]
[Date "2006.03.11"]
[Round "16"]
[White "Jackaroe"]
[Black "gadnoto"]
[WhiteElo "1646"]
[BlackElo "1884"]
[PlyCount "91"]
[Result "1/2-1/2"]

1.e4 e5 2.Nf3 Nc6 3.Bb5 a6 4.Ba4 d6 5.h3 Bd7 6.c3 
Nf6 7.O-O Nxe4 8.d4 Be7 9.dxe5 Nxe5 10.Nxe5 dxe5 
11.Bxd7+ Qxd7 12.Qf3 Nc5 13.Be3 O-O 14.Nd2 c6 
15.Rad1 Qe6 16.c4 Rfd8 17.b3 Rd7 18.Ne4 Nxe4 
19.Qxe4 Rad8 20.Qc2 f5 21.Bb6 R7xd1 22.Rxd1 Rxd1+ 
23.Qxd1 g6 24.f3 Kf7 25.Kf1 e4 26.f4 Qd6 27.Qxd6 
Bxd6 28.Be3 b5 29.Ke2 Ke6 30.Kf2 bxc4 31.bxc4 Ba3 
32.Ke2 Kd6 33.g3 Bc5 34.Bd2 Bd4 35.Bb4+ Ke6 36.a4 
Kf6 37.Kf1 h5 38.h4 Ke6 39.Ke2 c5 40.Bd2 Kd6 
41.Ba5 {(offering draw)}  Kc6 42.Bd8 Bg1 43.Kf1 
{(offering draw)}  Bd4 44.Ke2 Bc3 45.Kf1 Bg7 
46.Ke2 {(offering draw)}  1/2-1/2

[Event "HCL-E1546"]
[Site "www.playchess.de"]
[Date "2006.03.11"]
[Round "27"]
[White "Marius_sah"]
[Black "PLAYCHESS1963"]
[WhiteElo "1683"]
[BlackElo "1707"]
[PlyCount "26"]
[Result "0-1"]

1.e4 {Hi. Good luck!}  c5 {hello..."zdravo?"}  
2.Nf3 d6 3.d4 cxd4 4.Nxd4 Nf6 5.Nc3 a6 6.Be2 e6 
7.O-O Be7 8.f4 Qc7 9.Be3 Nc6 10.Kh1 Na5 11.Rc1 b5 
12.a3 Bb7 13.Bf3 Nc4 0-1

[Event "HCL-A2629"]
[Site "www.playchess.de"]
[Date "2006.03.11"]
[Round "19"]
[White "Matu"]
[Black "BohdanL"]
[WhiteElo "1535"]
[BlackElo "1517"]
[PlyCount "63"]
[Result "1-0"]

1.Nf3 d6 {hi}  2.b3 {hi and good luck}  Bg4 
{thanks, and same to you, you turned back to you 
favorite}  3.Bb2 Bxf3 4.exf3 c5 5.d4 cxd4 6.Bxd4 
Nc6 7.Bb2 e5 8.Bd3 Be7 9.O-O Nf6 10.Nd2 O-O 11.a3 
Nh5 12.g3 f5 13.c4 Qd7 14.Rc1 Bg5 15.f4 Nxg3 
16.fxg3 exf4 17.gxf4 Bh4 18.Nf3 Bd8 19.c5 Qe8 
20.Bc4+ Kh8 21.Qxd6 Qe3+ 22.Kh1 Bf6 23.Rce1 Qxe1 
24.Rxe1 Bxb2 25.Ng5 h6 26.Nf7+ Kh7 27.Rg1 Bf6 
28.Ne5 Rad8 29.Nd7 Kh8 30.Qxf8+ Rxf8 31.Nxf8 Bd4 
32.Rg2 1-0

[Event "HCL-E1590"]
[Site "www.playchess.de"]
[Date "2006.03.11"]
[Round "8"]
[White "maus"]
[Black "yannick"]
[WhiteElo "1421"]
[BlackElo "1632"]
[PlyCount "47"]
[Result "1/2-1/2"]

1.e4 d6 {good luck yannick}  2.Nf3 {and to 
you,think's}  Nf6 3.Nc3 Bg4 4.Be2 e5 5.h3 Bxf3 
6.Bxf3 Be7 7.O-O Nc6 8.d3 O-O 9.Be3 Qd7 10.Nd5 
Nxd5 11.exd5 Nd4 12.Bg4 f5 13.Bh5 Qb5 14.Bxd4 exd4 
15.Bf3 Qxb2 16.Re1 Bg5 17.Re2 Rae8 18.Rxe8 Rxe8 
19.Bh5 Rb8 20.a4 b6 21.Rb1 Qa2 22.Ra1 Qb2 23.Rb1 
Qa2 24.Ra1 {(offering draw)}  1/2-1/2

[Event "HCL-E1593"]
[Site "www.playchess.de"]
[Date "2006.03.11"]
[Round "8"]
[White "kinghunter"]
[Black "carlosmadeira"]
[WhiteElo "1761"]
[BlackElo "1593"]
[PlyCount "43"]
[Result "1-0"]

1.d4 g6 2.Nf3 Bg7 3.e3 d6 4.Be2 Nf6 5.c4 O-O 6.Nc3 
Re8 7.O-O Nbd7 8.b4 e5 9.a4 exd4 10.exd4 Ne4 
11.Nxe4 Nf6 12.Nxf6+ Qxf6 13.Be3 Bg4 14.Re1 h6 
15.Qd2 Kh7 16.h3 Bd7 17.b5 Reg8 18.Rad1 a6 19.Qb4 
axb5 20.cxb5 g5 21.Nh2 Bf8 22.d5 1-0

[Event "HCL-C4126"]
[Site "www.playchess.de"]
[Date "2006.03.11"]
[Round "2"]
[White "subhash"]
[Black "Azimut"]
[WhiteElo "800"]
[BlackElo "800"]
[PlyCount "28"]
[Result "0-1"]

1.d4 e6 {Hello, please to meet you and good luck.} 
 2.Nf3 {Sure, Do you know how long the game will 
take to complete. I mean how many days per move?}  
b6 {I think we have 2 days maximum per move. but 
I'm new and I'll must look for rule.}  3.d5 {Shall 
we play fast and finish the game at one go??? Are 
you free???}  Bb7 {I look for rule then: At start 
of the game we have 10 days and at each move we 
play, we have 2 day bonus (Fisher system).Main 
thing is we look for our clock for it's not at 
"zero".}  4.c4 {gee.. thanks!}  d6 5.e4 e5 6.Bg5 
Be7 7.Be2 h6 8.Bxe7 Nxe7 9.O-O g5 10.Nc3 a6 11.h4 
gxh4 12.Nxh4 Ng6 13.Nxg6 fxg6 14.f4 
Nd7 0-1

[Event "HCL-C4098"]
[Site "www.playchess.de"]
[Date "2006.03.11"]
[Round "33"]
[White "lontjr"]
[Black "winnetou"]
[WhiteElo "1159"]
[BlackElo "860"]
[PlyCount "46"]
[Result "0-1"]

1.c4 {Hi, and here's to a good game!}  e5 
{Greetings! Good luck!}  2.Nc3 Bc5 3.Nf3 d6 4.g3 
Nc6 5.Bg2 Bxf2+ 6.Kxf2 Be6 7.Qb3 b6 8.Rd1 Na5 
9.Qb5+ c6 10.Qa4 Bxc4 11.b3 b5 12.Qa3 Qb6+ 13.Kf1 
b4 14.Qa4 Nf6 15.bxc4 Ng4 16.e3 O-O 17.d4 bxc3 
18.dxe5 dxe5 19.Bh3 Nxe3+ 20.Bxe3 Qxe3 21.Ng1 Rab8 
22.Qxa5 Rb2 23.Rd8 Qf2+ 0-1

[Event "HCL-B3872"]
[Site "www.playchess.de"]
[Date "2006.03.11"]
[Round "14"]
[White "fighter"]
[Black "Tofik"]
[WhiteElo "1330"]
[BlackElo "1346"]
[PlyCount "45"]
[Result "1-0"]

1.e4 e5 2.Qf3 Nf6 3.Bc4 Bc5 4.Nh3 h6 5.b4 Bxb4 
6.Qb3 d5 7.Qxb4 dxc4 8.Qb5+ Nbd7 9.Qxc4 O-O 10.Bb2 
b6 11.d3 c5 12.f4 Ng4 13.Qd5 Qh4+ 14.Kd2 Rb8 
15.fxe5 Nf2 16.Rf1 Nxh3 17.gxh3 Qxh3 18.Rf2 Qh4 
19.Rg2 Qf4+ 20.Ke2 Nxe5 21.Rxg7+ Kh8 22.Bxe5 Bg4+ 
23.Rxg4+ 1-0

[Event "HCL-C3985"]
[Site "www.playchess.de"]
[Date "2006.03.11"]
[Round "8"]
[White "Milosforman"]
[Black "Roger_K"]
[WhiteElo "1006"]
[BlackElo "1132"]
[PlyCount "124"]
[Result "0-1"]

1.d4 d5 {Hi again - Hope you have a good game}  
2.Nf3 Nf6 3.c3 Nc6 4.e3 a6 5.Ne5 Nxe5 6.dxe5 Ne4 
7.f3 Ng5 8.h4 Ne6 9.b3 Nc5 10.b4 Ne6 11.Bd3 g6 
12.g4 b5 13.a4 bxa4 14.Qxa4+ Bd7 15.b5 Nc5 16.Qc2 
axb5 17.Rxa8 Qxa8 18.h5 Nxd3+ 19.Qxd3 e6 20.f4 c5 
21.hxg6 fxg6 22.g5 c4 23.Qc2 Qa4 24.Qxa4 bxa4 
25.Ba3 Bb5 26.Bxf8 Kxf8 27.Na3 Bc6 28.Kd2 Kg7 
29.Nc2 Rb8 30.Kc1 Rb3 31.Kd2 Rb2 32.Ra1 h6 
33.gxh6+ Kxh6 34.Kc1 Rb3 35.Nd4 Rb6 36.Nxe6 Rb3 
37.Kc2 a3 38.Nd4 Rb2+ 39.Kc1 Be8 40.Nc2 Kh5 
41.Rxa3 Rb3 42.Kd2 Rxa3 43.Nxa3 Kg4 44.Nc2 g5 
45.Nb4 Bf7 46.fxg5 Kxg5 47.Nc6 Kf5 48.Ke2 Be8 
49.Ne7+ Kxe5 50.Kf2 Ke6 51.Nc8 Ke5 52.Kf3 Bh5+ 
53.Kf2 Ke4 54.Nd6+ Kd3 55.Nb5 Kd2 56.e4 dxe4 
57.Kf1 e3 58.Nd4 Kxc3 59.Nf5 Kd2 60.Ng3 e2+ 
61.Nxe2 Bxe2+ 62.Kg2 c3 0-1

[Event "HCL-C4153"]
[Site "www.playchess.de"]
[Date "2006.03.11"]
[Round "8"]
[White "nichju"]
[Black "Treebeard"]
[WhiteElo "1096"]
[BlackElo "1199"]
[PlyCount "57"]
[Result "1-0"]

1.e4 {Greetings from Germany and good luck}  e5 
{Greetings from Denmark. Good luck to you too.}  
2.Nf3 Nc6 3.Bc4 Bc5 4.c3 Nf6 5.Ng5 O-O 6.O-O h6 
7.Nf3 Nxe4 8.d3 Nf6 9.b4 b5 10.Bxb5 Bd6 11.d4 exd4 
12.cxd4 Nxb4 13.Bd2 c6 14.Bc4 Bc7 15.Bxb4 Re8 
16.Qb3 d5 17.Bd3 Bg4 18.Nbd2 Rb8 19.Qc3 Ne4 {To 
tell you the truth I have no idea what to do in 
this game ... :-) All I know is that I'm loosing.. 
Oh well, that's chess.}  20.Nxe4 dxe4 21.Bxe4 Rxe4 
22.Rfe1 Bxf3 23.Qxf3 Rxe1+ 24.Rxe1 Rxb4 25.Qd3 
Rxd4 26.Qf3 Rd2 27.a4 Qh4 28.Re8+ Kh7 
29.Qf5+ 1-0

[Event "HCL-B3929"]
[Site "www.playchess.de"]
[Date "2006.03.11"]
[Round "10"]
[White "miehierjoshi"]
[Black "foinaven"]
[WhiteElo "1200"]
[BlackElo "1411"]
[PlyCount "39"]
[Result "1-0"]

1.e4 c5 2.c3 Nc6 3.d4 cxd4 4.cxd4 d5 5.e5 Qb6 
6.Nf3 Bg4 7.Be3 Bxf3 8.gxf3 Qxb2 9.Nd2 Nxd4 
10.Bxd4 Qxd4 11.e6 Qe5+ 12.Be2 Qxe6 13.Qa4+ Kd8 
14.O-O Qxe2 15.Qa5+ b6 16.Qxd5+ Kc7 17.Rac1+ Kb8 
18.Qd7 Qxf1+ 19.Nxf1 e5 20.Rc8+ 1-0

[Event "HCL-A2524"]
[Site "www.playchess.de"]
[Date "2006.03.11"]
[Round "6"]
[White "zemljanin"]
[Black "alvimrf"]
[WhiteElo "1405"]
[BlackElo "1775"]
[PlyCount "78"]
[Result "0-1"]

1.e4 {hello}  c5 {Hi, how are you? Here we go 
again!}  2.Bc4 {fine, thank you, yes we do...}  
Nc6 3.c3 a6 4.Nf3 b5 5.Bd5 Bb7 6.d4 e6 7.Bb3 d6 
8.dxc5 dxc5 9.O-O Qa5 10.Nbd2 Rd8 11.Qe2 c4 12.Bc2 
Nf6 13.e5 Nd7 14.a4 Ncxe5 15.Nxe5 Bd6 16.Nxd7 Rxd7 
17.Ne4 Bb8 18.Nc5 Qc7 19.f4 Qxc5+ 20.Be3 Qc6 
21.axb5 axb5 22.Bd4 O-O 23.Rf3 Rfd8 24.Qf2 g6 
25.Bf6 R7d2 26.Bxd8 Rxf2 27.Rxf2 Bxf4 28.Re1 Bxh2+ 
29.Kxh2 Qd6+ 30.Kg1 Qxd8 31.Rd1 Qc7 32.Rfd2 
{(offering draw)}  Bc6 33.R2d6 Bd5 34.Ra6 
{(offering draw)}  Qg3 35.Rxd5 Qe1+ 36.Kh2 exd5 
37.Ra2 Qd2 38.b3 Qxc3 39.bxc4 bxc4 0-1